Rocking qualitative social science : an irreverent guide to rigorous research /

Bibliographic Details
Main Author: Rubin, Ashley T. (Author)
Corporate Author: Walter de Gruyter & Co
Format: eBook
Language:English
Published: Stanford, California : Stanford University Press, [2021]
Subjects:
Online Access:Connect to the full text of this electronic book

MARC

Tag First Indicator Second Indicator Subfields
LEADER 00000cam a2200000 i 4500
001 in00004366913
005 20211018103103.0
006 m o d
007 cr |||||||||||
008 201119s2021 caua ob 001 0 eng
010 |a  2020052614 
020 |a 9781503628243  |q (electronic book) 
020 |a 1503628248  |q (electronic book) 
020 |z 9781503611399  |q (hardcover) 
020 |z 9781503628236  |q (paperback) 
024 8 |a 40030666837 
035 |a (DLC)ybp302284425 
040 |a NhCcYBP  |c NhCcYBP  |d UtOrBLW 
042 |a pcc 
050 4 |a H62  |b .R735 2021 
082 0 0 |a 300.72/1  |2 23 
100 1 |a Rubin, Ashley T.,  |e author.  |0 http://id.loc.gov/authorities/names/n2020029192 
245 1 0 |a Rocking qualitative social science :  |b an irreverent guide to rigorous research /  |c Ashley T. Rubin. 
264 1 |a Stanford, California :  |b Stanford University Press,  |c [2021] 
300 |a 1 online resource. 
336 |a text  |b txt  |2 rdacontent 
337 |a computer  |b c  |2 rdamedia 
338 |a online resource  |b cr  |2 rdacarrier 
504 |a Includes bibliographical references and index. 
505 0 |a Introduction to dirtbagging -- Topo : what exactly are qualitative methods? -- Picking your proj : identifying your research question -- On belay : connecting your work to an anchor -- Mapping out the route : how and when research design matters -- Starting on the right foot : making and justifying your case selection -- Flaking out the rope : how to check your sample -- Bivvy time : the "fieldwork" model of data collection -- The crux : content analysis, analytical memos, and other tricks -- Placing pro : making causal claims with qualitative data -- Living on the sharp end : dealing with skeptics of qualitative research -- The sweeper. 
588 0 |a Online resource; title from digital title page (viewed on July 12, 2021). 
500 |a Electronic resource. 
650 0 |a Social sciences  |x Research  |x Methodology.  |0 http://id.loc.gov/authorities/subjects/sh2008111864 
650 0 |a Qualitative research.  |0 http://id.loc.gov/authorities/subjects/sh99004969 
655 7 |a Electronic books.  |2 local 
710 2 |a Walter de Gruyter & Co.  |0 http://id.loc.gov/authorities/names/n81126942 
776 1 8 |i Print version:  |a Rubin, Ashley T.  |t Rocking qualitative social science.  |d Stanford, California : Stanford University Press, 2021  |z 9781503611399  |w (DLC) 2020052613 
856 4 0 |u http://proxy.library.tamu.edu/login?url=https://www.degruyter.com/isbn/9781503628243  |z Connect to the full text of this electronic book  |t 0 
945 |b 989817 
955 |a YBP purchased approval e-records 
980 |b ebook  |c 40030666837  |f NONFIC/B  |g 565751  |k USD  |m 107.00  |q 1  |s AcqMono Conventional  |t Approval plan  |u Vendor order reference number  |v ZYBP  |y E-approvals  |z Electronic resource 
999 f f |s 1622b70e-b5a7-36a0-bd06-2b4aba18664f  |i cf6351a5-c87a-34ba-bd05-5a074575dbe9  |t 0 
952 f f |a Texas A&M University  |b College Station  |c Electronic Resources  |d Available Online  |t 0  |e H62 .R735 2021  |h Library of Congress classification 
998 f f |a H62 .R735 2021  |t 0  |l Available Online